The pocket essential Terry Pratchett (Record no. 3702)
[ view plain ]
| 000 -LEADER | |
|---|---|
| fixed length control field | 01175nam a2200313 a 4500 |
| 082 04 - DEWEY DECIMAL CLASSIFICATION NUMBER | |
| Classification number | 823.914 |
| 100 1# - MAIN ENTRY--AUTHOR NAME | |
| Personal name | Butler, Andrew M. |
| 245 14 - TITLE STATEMENT | |
| Title | The pocket essential Terry Pratchett |
| 260 ## - PUBLICATION, DISTRIBUTION, ETC. (IMPRINT) | |
| Place of publication | Harpenden : |
| Name of publisher | Pocket Essentials, |
| Year of publication | 2001. |
| 300 ## - PHYSICAL DESCRIPTION | |
| Number of Pages | 96 p. |
| 490 0# - SERIES STATEMENT | |
| Series statement | Pocket Essentials. Literature |
| 856 40 - ELECTRONIC LOCATION AND ACCESS | |
| Uniform Resource Identifier | http://site.ebrary.com/lib/rucke/Doc?id=10005837 |
No items available.
